| 000 | 00616nam a22002057a 4500 | ||
|---|---|---|---|
| 005 | 20260421105947.0 | ||
| 010 | _aENG-148256 | ||
| 020 |
_c260.00 _a9789352102396 |
||
| 035 | _aEN-131788 | ||
| 037 | _bDBAD | ||
| 082 | _a181.499 | ||
| 245 |
_aTalks By Nirodbaran/ _cEdited by Sunayana [and] Maurice |
||
| 260 |
_aPondicherry _bSri Aurobindo Ashram _c2021 |
||
| 270 |
_aSri Aurobindo Ashram _bPondicherry _e605002 |
||
| 300 |
_a289p. _c22cm(Pb) |
||
| 500 | _aAugust 1970-March 1971 | ||
| 700 |
_aSunayana _eEditor _988971 |
||
| 700 |
_aMaurice _eEditor _988972 |
||
| 942 |
_2ddc _cEN _h181.499 _mTAL |
||
| 999 |
_c215960 _d215960 |
||